000 003640000a22001450004500
003 MACL
040 _aMACL
090 _c34035
_d34033
100 _aDarbar, Gyanvati
245 _aPortrait of a President
_bLetters of Dr Rajendra Prasad volume 2
260 _bVikas Publishing House
_c1976
650 _aLetters
942 _cBOOK
_k826/DAR
951 _o826/DAR BOOK
999 _c33677
_d33677